000 00851cam a2200301Mi 4500
001 50605
005 20230411090004.0
008 070529s2007 ag 000 0 spa d
035 _a(OCoLC)ocn137316734
040 _aPL#
_bspa
_cPL#
020 _a9500395002
020 _a9789500395007
029 0 _aPL#
_b070009258
035 _a(OCoLC)137316734
049 _aGRAL
100 1 _aQuiroga, Horacio,
_d1878-1937.
245 1 0 _aCine y literatura /
_cHoracio Quiroga.
250 _a1. ed.
260 _aBuenos Aires :
_bLosada,
_c2007.
300 _a382 p. ;
_c23 cm.
490 0 _aEnsayo / Losada
653 _aCine
_aArtículos periodísticos.
653 _aCine y literatura.
653 _aQuiroga, Horacio, 1878-1937
_aAntologías.
938 _aPuvill Libros
_bPUVL
_n9789500395007
_c$29.01
942 _2lcc
_cbk
994 _aC0
_bDRFGD
999 _c110479
_d110479